000 04559nam a22006975i 4500
001 978-3-031-32356-0
003 DE-He213
005 20250103112332.0
007 cr nn 008mamaa
008 230812s2023 sz | s |||| 0|eng d
020 _a9783031323560
_9978-3-031-32356-0
024 _a10.1007/978-3-031-32356-0
_2doi
050 _aK7000-7720.22
072 _aLB
_2bicssc
072 _aLAM
_2bicssc
072 _aLAW051000
_2bisacsh
072 _aLB
_2thema
072 _aLAM
_2thema
082 _a340.9
_223
245 _aThe Regulation of Automated and Autonomous Transport
_h[electronic resource] /
_cedited by Kyriaki Noussia, Matthew Channon.
250 _a1st ed. 2023.
260 _aCham :
_bSpringer International Publishing :
_bImprint: Springer,
_c2023.
300 _aIX, 423 p. 1 illus.
_bonline resource.
336 _atext
_btxt
_2rdacontent
337 _acomputer
_bc
_2rdamedia
338 _aonline resource
_bcr
_2rdacarrier
347 _atext file
_bPDF
_2rda
505 _aPart 1: Drones – aviation/aerial automated autonomous transportation systems -- Introduction -- “Drones: The New Delivery Men? A South African and UK perspective.” -- Unmanned Air Transports: the use of drones and legal issues arising thereof -- The Civil Unmanned Aerial Vehicle (UAV) Law of China: A Comparative Study of the mainland, Hong Kong, and Macao of China -- Part 2: Ships – Maritime automated / autonomous transportation systems -- The Intersection Between Law and Technology in Maritime Law -- Salvage and Autonomous Maritime Navigation -- Uncharted Legal Waters: “The Applicability of the Law on Seaworthiness & Good seamanship to Autonomous vessels.” -- Reforming the Law of the Sea for the Future of Automated Shipping -- Part 3: Road Vehicles – Road automated / autonomous transportation systems -- Automated Vehicles, Liability and Insurance -- Legal and Ethical Aspects of Autonomous Vehicles -- Cyber Risks: Social, Functional and Ethical Dimensions -- Road Traffic Law and Application toAutomated Vehicles.
520 _aThis book discusses various legal aspects of automated and autonomous transport. The regulation of automated and autonomous transport encompasses legislation on automated cars, ships, vessels, and drones. Questions surrounding this novel area of the law, which has attracted major worldwide interest and publicity, are likely to dominate our societies and everyday life in the years ahead. One major challenge addressed in this book is remedying the regulatory fragmentation that can be observed around the globe concerning legislation on automated and autonomous transportation systems. Written and edited by respected experts in the field, including academics and practitioners alike, this book seeks to fill an important gap in the literature. Given its focus and scope, the book will be of considerable interest to practitioners, academics, and policymakers, judges, students and secondary audiences, including engineers, sociologists, naval architects, all those involved in the automated industry, and people working in AI.
650 _aPrivate international law.
650 _aConflict of laws.
650 _aInternational law.
650 _aComparative law.
650 _aCriminal law.
650 _aCivil law.
650 _aInformation technology
_xLaw and legislation.
650 _aMass media
_xLaw and legislation.
650 _aControl engineering.
650 _aRobotics.
650 _aAutomation.
650 _aTransportation engineering.
650 _aTraffic engineering.
650 _aPrivate International Law, International and Foreign Law, Comparative Law.
650 _aCriminal Law and Criminal Procedure Law.
650 _aCivil Law.
650 _aIT Law, Media Law, Intellectual Property.
650 _aControl, Robotics, Automation.
650 _aTransportation Technology and Traffic Engineering.
700 _aNoussia, Kyriaki.
_eeditor.
_4edt
_4http://id.loc.gov/vocabulary/relators/edt
700 _aChannon, Matthew.
_eeditor.
_4edt
_4http://id.loc.gov/vocabulary/relators/edt
710 _aSpringerLink (Online service)
773 _tSpringer Nature eBook
776 _iPrinted edition:
_z9783031323553
776 _iPrinted edition:
_z9783031323577
776 _iPrinted edition:
_z9783031323584
856 _uhttps://doi.org/10.1007/978-3-031-32356-0
912 _aZDB-2-LCR
912 _aZDB-2-SXLC
999 _c12658
_d12658